Biblioteca y Centro de Documentación

El papel de las infraestructuras públicas en la dinamización social (Registro nro. 49176)

Detalles MARC
000 -CABECERA
Longitud fija campo de control 01233naa a2200325 c 4500
001 - NÚMERO DE CONTROL
Número de control 49176
003 - IDENTIFICADOR DE NÚMERO DE CONTROL
Identificador del número de control ES-MaCES
005 - FECHA Y HORA DE LA ÚLTIMA TRANSACCIÓN
Fecha y hora de la última transacción 20170410173246.0
008 - CAMPO FIJO DE DESCRIPCIÓN FIJA--INFORMACIÓN GENERAL
Códigos de información de longitud fija   170410s2017 sp ||||| t||||||| ||spa d
040 ## - FUENTE DE CATALOGACIÓN
Centro catalogador de origen ES-MaCES
Lengua de catalogación spa
Centro transcriptor ES-MaCES
Centro modificado ES-MaCES
100 1# - ENCABEZAMIENTO PRINCIPAL--NOMBRE PERSONAL
9 (RLIN) 38005
Nombre de persona Muñoz Martínez, César
245 13 - MENCIÓN DE TÍTULO
Título El papel de las infraestructuras públicas en la dinamización social
Resto del título : La red de alta velocidad en españa
Mención de responsabilidad, etc. César Muñoz Martínez
500 ## - NOTA GENERAL
Nota general Resumen
504 ## - NOTA DE BIBLIOGRAFÍA, ETC.
Nota de bibliografía, etc. Bibliografía: p. 123-126
650 #4 - ASIENTO SECUNDARIO DE MATERIA--TÉRMINO DE MATERIA
9 (RLIN) 28025
Término de materia o nombre geográfico como elemento inicial infraestructura
650 #4 - ASIENTO SECUNDARIO DE MATERIA--TÉRMINO DE MATERIA
9 (RLIN) 27231
Término de materia o nombre geográfico como elemento inicial obras públicas
650 #4 - ASIENTO SECUNDARIO DE MATERIA--TÉRMINO DE MATERIA
9 (RLIN) 28030
Término de materia o nombre geográfico como elemento inicial red ferroviaria
650 #4 - ASIENTO SECUNDARIO DE MATERIA--TÉRMINO DE MATERIA
9 (RLIN) 28053
Término de materia o nombre geográfico como elemento inicial transporte ferroviario
650 #4 - ASIENTO SECUNDARIO DE MATERIA--TÉRMINO DE MATERIA
9 (RLIN) 31119
Término de materia o nombre geográfico como elemento inicial tren de alta velocidad
650 #4 - ASIENTO SECUNDARIO DE MATERIA--TÉRMINO DE MATERIA
9 (RLIN) 29186
Término de materia o nombre geográfico como elemento inicial desarrollo regional
650 #4 - ASIENTO SECUNDARIO DE MATERIA--TÉRMINO DE MATERIA
9 (RLIN) 28148
Término de materia o nombre geográfico como elemento inicial inversiones públicas
650 #4 - ASIENTO SECUNDARIO DE MATERIA--TÉRMINO DE MATERIA
9 (RLIN) 30743
Término de materia o nombre geográfico como elemento inicial cohesión social
650 #4 - ASIENTO SECUNDARIO DE MATERIA--TÉRMINO DE MATERIA
9 (RLIN) 30648
Término de materia o nombre geográfico como elemento inicial lucha contra la pobreza
650 #4 - ASIENTO SECUNDARIO DE MATERIA--TÉRMINO DE MATERIA
9 (RLIN) 30785
Término de materia o nombre geográfico como elemento inicial desarrollo sostenible
650 #4 - ASIENTO SECUNDARIO DE MATERIA--TÉRMINO DE MATERIA
9 (RLIN) 27288
Término de materia o nombre geográfico como elemento inicial consecuencias sociales
653 10 - TÉRMINO DE INDEXACIÓN--NO CONTROLADO
Término no controlado Asuntos Sociales
773 0# - ENTRADA DE DOCUMENTO FUENTE
Itemnumber del ítem fuente 85685
Lugar, editor y fecha de publicación Madrid (Fuencarral, 127, 28010) Fundación Sistema
Otro identificador del documento 088583
Título Sistema
Número de control del registro relacionado (ES-MaCES)25730
Parte(s) relacionada(s) n. 245 (en. 2017) {10278 R. 088583} ;p. 109-126
902 ## - CES. TIPO DE DOCUMENTO
Tipodoc (006$c Sirtex) ART Artículo de revista
942 ## - ELEMENTOS KOHA
Fuente de clasificaión o esquema Clasificación propia del CES
Koha [por defecto] tipo de item Artículos (1982-2017)
Parte de clasificación Asuntos Sociales

No hay ítems disponibles.

© CES, Consejo Económico y Social de España 2021